The politics of culture and creativity : (Record no. 57683)
[ view plain ]
| 000 -LEADER | |
|---|---|
| fixed length control field | 00919nam a22002537a 4500 |
| 001 - CONTROL NUMBER | |
| control field | 57683 |
| 003 - CONTROL NUMBER IDENTIFIER | |
| rucl marc code | BD-RjUL |
| 005 - DATE AND TIME OF LATEST TRANSACTION | |
| control field | 20211209080536.0 |
| 008 - FIXED-LENGTH DATA ELEMENTS--GENERAL INFORMATION | |
| fixed length control field | 161211b xxu||||| |||| 00| 0 eng d |
| 035 ## - SYSTEM CONTROL NUMBER | |
| System control number | (BD-RjUL)57807 |
| 040 ## - CATALOGING SOURCE | |
| Original cataloging agency | BD-RjUL |
| Language of cataloging | eng |
| Transcribing agency | BD-RjUL |
| Modifying agency | BD-RjUL |
| 041 ## - LANGUAGE CODE | |
| Language code of text/sound track or separate title | eng |
| 082 ## - DEWEY DECIMAL CLASSIFICATION NUMBER | |
| Edition number | 23 |
| Classification number | 320 |
| Author mark and year | POl 1992 |
| 245 10 - TITLE STATEMENT | |
| Title | The politics of culture and creativity : |
| Remainder of title | a critique of civilization / |
| Statement of responsibility, etc. | Christine Ward Gailey |
| 260 ## - PUBLICATION, DISTRIBUTION, ETC. (IMPRINT) | |
| Place of publication, distribution, etc. | Gainesville [u.a.] : |
| Name of publisher, distributor, etc. | Univ. Press of Florida, |
| Date of publication, distribution, etc. | 1992. |
| 300 ## - PHYSICAL DESCRIPTION | |
| Pagination | xiii, 531 p. ; |
| Size | 24 cm. |
| 490 ## - SERIES STATEMENT | |
| Series statement | Dialectical anthropology : essays in honor of Stanley Diamond / ed. by Christine Ward Gailey, 2. |
| 500 ## - GENERAL NOTE | |
| General note | Include index |
| 505 ## - FORMATTED CONTENTS NOTE | |
| Formatted contents note | Vol. 2 -- |
| 650 ## - SUBJECT ADDED ENTRY--TOPICAL TERM | |
| Topical term or geographic name as entry element | Politics |
| 9 (RLIN) | 171312 |
| 700 ## - ADDED ENTRY--PERSONAL NAME | |
| Personal name | Gailey Christine Ward |
| 856 ## - ELECTRONIC LOCATION AND ACCESS | |
| Materials specified | Dialectical anthropology : essays in honor of Stanley Diamond / ed. by Christine Ward Gailey, 2. |
| 942 ## - ADDED ENTRY ELEMENTS (KOHA) | |
| Source of classification or shelving scheme | Dewey Decimal Classification |
| Koha item type | Books |
| Lost status | Source of classification or shelving scheme | Damaged status | Not for loan | Collection code | Permanent Location | Current Location | Shelving location | Date acquired | Source of acquisition | Cost, normal purchase price | Total Checkouts | Full call number | Date last seen | Copy number | Koha item type |
|---|---|---|---|---|---|---|---|---|---|---|---|---|---|---|---|
| Dewey Decimal Classification | Not For Loan | Non-fiction | Central Library, University of Rajshahi | Central Library, University of Rajshahi | Reading Room | 25/02/2006 | Dhaka paragon enterprises ltd. | 21.95 | 320 POl V-2 1992 | 11/12/2016 | C-1 | Books |